The Basilica Cistern (Record no. 1587)

000 -LEADER
fixed length control field 00519nam a22002057a 4500
003 - CONTROL NUMBER IDENTIFIER
control field OSt
005 - DATE AND TIME OF LATEST TRANSACTION
control field 20241030083412.0
008 - FIXED-LENGTH DATA ELEMENTS--GENERAL INFORMATION
fixed length control field 210219b ||||| |||| 00| 0 eng d
040 ## - CATALOGING SOURCE
Original cataloging agency eng
Language of cataloging eng
Transcribing agency DLC
041 ## - LANGUAGE CODE
Language code of text/sound track or separate title eng
Language code of original tur
080 ## - UNIVERSAL DECIMAL CLASSIFICATION NUMBER
Universal Decimal Classification number 006.9
Item number A-29
100 ## - MAIN ENTRY--PERSONAL NAME
9 (RLIN) 1008
Personal name Akgul, Cevdet. Z.
245 ## - TITLE STATEMENT
Title The Basilica Cistern
Remainder of title : English Guide
Statement of responsibility, etc. / by: Aytur
260 ## - PUBLICATION, DISTRIBUTION, ETC.
Place of publication, distribution, etc. Istanbul
Name of publisher, distributor, etc. Aytur
Date of publication, distribution, etc. 1994
300 ## - PHYSICAL DESCRIPTION
Extent 48 p.
Other physical details ill.
365 ## - TRADE PRICE
Price amount 5 usd
650 #0 - SUBJECT ADDED ENTRY--TOPICAL TERM
9 (RLIN) 516
Topical term or geographic name entry element Museum
653 ## - INDEX TERM--UNCONTROLLED
Uncontrolled term მუზეუმი
942 ## - ADDED ENTRY ELEMENTS (KOHA)
Source of classification or shelving scheme
Koha item type Books
Holdings
Withdrawn status Lost status Source of classification or shelving scheme Damaged status Not for loan Permanent location Current location Date acquired Inventory number Total Checkouts Full call number Barcode Date last seen Price effective from Koha item type
          Ken Walker International University Ken Walker International University 02/19/2021 595   006.9 A-29 595 02/19/2021 02/19/2021 Books

Powered by Koha